| 000 | 01022nam a22002897a 4500 | ||
|---|---|---|---|
| 999 |
_c45667 _d45667 |
||
| 001 | 19301 | ||
| 003 | CO-MdFUSB | ||
| 005 | 20180622073158.0 | ||
| 008 | 171122t1982 enk||||| |||| 00| 0 eng d | ||
| 020 | _a0-281-04494-5 | ||
| 040 |
_aCO-MdFUSB _bspa _cCO-MdFUSB _dCO-MdFUSBC _erda |
||
| 041 | _aeng | ||
| 082 | 0 | 4 | _aG 226.407 T14r |
| 100 | 1 |
_aTalbert, Charles H. _eautor |
|
| 245 | 0 |
_aReading Luke _b: A new commentary for preachers _c / Charles H. Talbert |
|
| 264 | 4 |
_aLondon : _b SPCK, _c©1982 |
|
| 300 | _a246 páginas | ||
| 336 |
_2rdacontent _atexto _btxt |
||
| 337 |
_2rdamedia _asin mediación _bn |
||
| 338 |
_2rdacarrier _avolumen _bnc |
||
| 501 | _aRústico | ||
| 505 | 0 | 0 | _aLucas 1:5-4:15, Profecías de grandeza futura - Lucas 4:16-9:50, Ungido con el Espíritu Santo - Lucas 9:51-19:44, Orientación en el camino - Lucas 19:45-24:53, Martirio y reivindicación |
| 653 | _aBiblia N.T. - Lucas - Comentarios | ||
| 653 | _aExégesis bíblica | ||
| 653 | _aEvangelios - Lucas - Exégesis | ||
| 942 | _cBK | ||